00349nam a2200109 4500999001900000040000800019082001800027100002600045245003400071942001200105952012200117 c530132d530132 cDLC a307.1216bHIR aHiraskar, G.K.923482 aFundamentals of Town Planning 2ddccBK 00102ddc4070aNITbNITd2019-10-10l1o307.1216 HIRpNIT-11667q2019-11-09r2019-10-10s2019-10-10w2019-10-10yBK